Teatre complet / Samuel Beckett
MARC
| LEADER | 00000nam a2200000Ia 4500 | ||
|---|---|---|---|
| 001 | 11109 , 11588 | ||
| 008 | 160829s1995 - 1996 xx 000 0 cat d | ||
| 020 | |a 84-7794-390-7 (v.1), 84-7794-503-9 (v.2) | ||
| 080 | |a L-1-93 , L-1-94 | ||
| 100 | |a Beckett, Samuel |9 30741 | ||
| 245 | |a Teatre complet / Samuel Beckett | ||
| 260 | |a Barcelona : |b Institut del Teatre. Diputació de Barcelona, |c 1995 - 1996 | ||
| 300 | |a 2 v. ; |c 21 cm | ||
| 490 | |a Clàssics ; 1-2 | ||
| 590 | |a Conté: v. 1: Tot esperant Godot. Fi de partida. Acte sense paraules I. Tot allò que ha caigut. Krapp: última gravació. Acte sense paraules II. Cremalls; v. 2: Fragment de teatre I. Fragment de teatre II. Dies feliços. Esbós radiofònic. Esborrany radiofònic. Música i paraules. Cascando. Comèdia. Anar i venir. Respir. No jo. Aquella vegada. Arrossegament de peus. Un monòleg.Per a un balanceig. Impromtu d'Ohio. Catàstrofe. Què On. | ||
| 650 | |a Beckett, Samuel |x Teatre |9 34234 | ||
| 700 | |a Simó, Ramon, |d 1961- |9 20059 | ||
| 710 | 1 | |a Institut del Teatre (Barcelona, Catalunya) |9 52662 | |
| 901 | |a Arxiu | ||
| 942 | |n 1 | ||
| 952 | |0 0 |1 0 |4 0 |6 L193__L194 |7 1 |9 46435 |a Arxiu |b Arxiu |d 2016-12-01 |l 0 |o L-1-93 , L-1-94 |p 11109 , 11588 |r 2016-12-01 00:00:00 |w 2016-12-01 |y ARXIU | ||
| 999 | |c 50220 |d 50220 | ||